| 000 | 01095nmm a2200325 a 4500 | ||
|---|---|---|---|
| 001 | ocm0002347478 | ||
| 003 | TR-IsHL | ||
| 005 | 20201028184913.0 | ||
| 008 | 190518s2019 tu tur | ||
| 007 | cr cn | ||
| 020 | _a9786057879097 | ||
| 035 |
_a2347478 _b(N$T) |
||
| 050 | 0 | 4 |
_aHD30.28 _b.T9819 2019 |
| 090 | 0 | 4 |
_aHD30.28 _b.T9819 2019 |
| 100 | 1 | _aTzuo, Tien | |
| 245 | 1 | 0 |
_aAbonelik: Abonelik modeli neden şirketinizin geleceği olacak ve bununla ilgili ne yapmalı ? _h[electronic resource] / _cTien Tzuo ; çeviren Tolga Uzunçelebi |
| 260 |
_aİstanbul : _bSalon yayınları, _c2019 |
||
| 300 | _a256 p. | ||
| 500 | _aEserin özgün adı Subscribed | ||
| 650 | 4 | _aEğitim | |
| 650 | 4 | _aEducation | |
| 650 | 0 | _aStratejik planlama | |
| 650 | 0 | _aStrategic planning | |
| 650 | 0 | _aİş planlaması | |
| 650 | 0 | _aBusiness planning | |
| 650 | 7 |
_aBUSINESS & ECONOMICS / Strategic Planning _2bisacsh |
|
| 700 | 1 | _aWeisert, Gabet | |
| 700 | 1 | _aUzunçelebi, Tolga | |
| 856 | 4 | 0 | _uhttp://search.ebscohost.com/login.aspx?direct=true&scope=site&db=e011xww&AN=2347478 |
| 999 |
_c21218 _d21218 |
||